Central Library and Information Centre
Sibsagar Girls' College, Sivasagar : Assam

PRITHIBI PRYEOSHI (Record no. 2965)

MARC details
000 -LEADER
fixed length control field 00390cam a2200169ua 4500
008 - FIXED-LENGTH DATA ELEMENTS--GENERAL INFORMATION
fixed length control field 191011n1987 II |||gr||||Z||||||asm
040 ## - CATALOGING SOURCE
Original cataloging agency MAIN
041 ## - LANGUAGE CODE
-- English
082 ## - DEWEY DECIMAL CLASSIFICATION NUMBER
Classification number 891.451 31 SAI
100 ## - MAIN ENTRY--PERSONAL NAME
Personal name SAIKIA, PROYAG.
245 ## - TITLE STATEMENT
Title PRITHIBI PRYEOSHI
260 ## - PUBLICATION, DISTRIBUTION, ETC.
Place of publication, distribution, etc. SIVASAGAR
Name of publisher, distributor, etc. KALAM PRAKASHAN
Date of publication, distribution, etc. 1987
300 ## - PHYSICAL DESCRIPTION
Extent 58.:
Dimensions 20CM.
942 ## - ADDED ENTRY ELEMENTS (KOHA)
Koha item type Books
653 ## - INDEX TERM--UNCONTROLLED
Uncontrolled term Asomiya Novels
Holdings
Withdrawn status Lost status Damaged status Not for loan Collection code Home library Current library Shelving location Date acquired Full call number Barcode Date last seen Copy number Price effective from Koha item type Public note
        REFASM Central Library and Information Centre Sibsagar Girls College Central Library and Information Centre Sibsagar Girls College ASSAMESE OLD REFERENCE 07.03.1985 891.451 31 SAI 11198 27.02.2020 1 27.02.2020 Books V
        REFASM Central Library and Information Centre Sibsagar Girls College Central Library and Information Centre Sibsagar Girls College   07.03.1985 891.451 31 SAI 11199 27.02.2020 2 27.02.2020 Books  
        REFASM Central Library and Information Centre Sibsagar Girls College Central Library and Information Centre Sibsagar Girls College   07.03.1985 891.451 31 SAI 11200 27.02.2020 3 27.02.2020 Books  
        REFASM Central Library and Information Centre Sibsagar Girls College Central Library and Information Centre Sibsagar Girls College ASSAMESE REFERENCE RACK 07.03.1985 891.451 31 SAI 11201 27.02.2020 4 27.02.2020 Books V
        REFASM Central Library and Information Centre Sibsagar Girls College Central Library and Information Centre Sibsagar Girls College ASSAMESE OLD REFERENCE 07.03.1985 891.451 31 SAI 11202 27.02.2020 5 27.02.2020 Books V


Sibsagar Girl's College © 2020. All rights reserved.
Powered by Koha.
Maintained by Abhijit Borpuzari.